000 01024nam a22002417a 4500
001 49272
003 BD-RjUL
005 20211209054646.0
008 160820r19751957ii ||||| |||| 00| 0 ben d
020 _cIRs 20.00
035 _a(BD-RjUL) 49391
040 _aBD-RjUL
_bben
_cBD-RjUL
041 _aben
082 _223
_a891.4408
_bBIB 1975
100 _aবিদ্যাসাগর, ঈশ্বরচন্দ্র
_9148031
245 1 0 _aবিদ্যাসাগর রচনাসম্ভার /
_c ঈশ্বরচন্দ্র বিদ্যাসাগর
260 _aকলিকাতা :
_bমিএ ও ঘোষ পাব্ লিশাস প্রাইভেট লিমিটেড ,
_c১৯৭৫ [ , ১৩৮২]
300 _a৫৩৬ পৃ. ;
_c২১ সেমি.
650 _aবাংলা সাহিত্য
_xসংগ্রহ
_9122902
650 _aBengali literature
_xCollection
_9122903
700 _aবিশী, প্রমথনাথ
_9148032
942 _2ddc
_cBK
999 _c49272
_d49272